006280000a22001690004500020001500000082001500015100002200030245008700052260002400139260000900163300000800172490003100180650010800211942000700319999001900326952011300345 a0803857802 a070.49 SCH aSchuneman, RSmith aPhotographic communication : principles, problems and challenges of photojurnalism aLondon, Focal press c1972 a379 aVisual communication books aPhotography - journalistic - addressess, essays, lectures/ photographic communication/ photojournalism cBK c357050d357050 00104070aKAUCOAVbKAUCOAVd2014-05-02l0o070.49 SCHpKAU_COAV-16753r2014-05-02 00:00:00w2014-05-02yBK